000 00394nam a22001577a 4500
005 20230823094059.0
008 230823b ||||| |||| 00| 0 eng d
040 _cAL
041 _aeng
082 _223
_a620.02
_bCOMP
100 _aCompetition Success Review
_9130520
245 _aIIT
650 _aElectronics
_9130518
700 _aCOMPETITION SUCCESS REVIEW
_9130519
942 _2ddc
_cBK
999 _c228437
_d228437